logo

HARRY POTTER AND THE DEATHLY HALLOWS (Record no. 65504)

MARC details
000 -CABECERA
campo de control de longitud fija 00488nam a2200193Ia 4500
001 - NÚMERO DE CONTROL
campo de control 30173
005 - FECHA Y HORA DE LA ÚLTIMA TRANSACCIÓN
campo de control 20260407094518.0
008 - CÓDIGOS DE INFORMACIÓN DE LONGITUD FIJA
campo de control de longitud fija 260115s9999 xx 000 0 und d
010 ## - NÚMERO DE CONTROL DE LA BIBLIOTECA DEL CONGRESO
Número de control de LC 65504
020 ## - NÚMERO INTERNACIONAL NORMALIZADO PARA LIBROS(ISBN)
Número Internacional Normalizado para Libros (ISBN) 978-0-7475-9106-1
035 ## - NÚMERO DE CONTROL DEL SISTEMA
Número de control de sistema 20235
090 ## - LOCALMENTE ASIGNADO TIPO-LC NÚMERO DE CLASIFICACIÓN (OCLC); NÚMERO DE CLASIFICACIÓN LOCAL (RLIN)
Número de clasificación (OCLC) (R) ; Numero de clasificación CALL (RLIN) (NR) 821-111.3
100 ## - PUNTO DE ACCESO PRINCIPAL - NOMBRE DE PERSONA
Nombre de persona ROWLING J.K.
245 #0 - MENCIÓN DE TÍTULO
Título HARRY POTTER AND THE DEATHLY HALLOWS
260 ## - PUBLICACIÓN, DISTRIBUCIÓN, ETC. (PIE DE IMPRENTA)
Nombre del editor distribuidor etc. BLOOMSBURY PUBLISHING
Fecha de publicación distribución etc. 2007
630 ## - PUNTO DE ACCESO ADICIONAL DE MATERIA--TÍTULO UNIFORME
Título uniforme LITERATURA ANGLOSAJONA
650 ## - PUNTO DE ACCESO ADICIONAL DE MATERIA--TÉRMINO DE MATERIA
Término de materia o nombre geográfico como elemento inicial LITERATURA EN LENGUA INGLESA
942 ## - ELEMENTOS DE PUNTO DE ACCESO ADICIONAL (KOHA)
Tipo de ítem Koha Monografías
Holdings
Estado de retiro Estado de pérdida Estado dañado No para préstamo Código de colección Localización permanente Ubicación/localización actual Ubicación en estantería Fecha de adquisición Enumeración/cronología de publicación seriada Número de inventario Número de registro Total de préstamos Signatura topográfica completa Código de barras Fecha visto por última vez Número de copia Precio válido a partir de Tipo de ítem Koha Nota pública
          Servicio de Estudios Históricos Servicio de Estudios Históricos   28/11/2007 821-111.3 27030 27030   20235 FH_30173 05/02/2026 1 05/02/2026 Monografías 20 X 13 CTMS, 607 PAGS, 28,50 € 978-0-7475-9106-1( II LAS RELIQUIAS DE LA MUERTE)